Stolice Oceani - Statystyki

Ogólne statystyki
  • Ten quiz został rozwiązany 8 razy
  • Średni wynik to 9 z 14
Odpowiedzi na mapie
Odpowiedzi zakodowano w zielono-czerwonej skali na mapie do tego quizu, zgodnie z poniższymi procentami.
 
Statystyki odpowiedzi
Odpowiedź % Poprawnych
Canberra
100%
Suva
100%
Wellington
100%
Port Moresby
83%
Yaren
83%
Majuro
67%
Port Vila
67%
Apia
50%
Ngerulmud
50%
Nuku'alofa
50%
Palikir
50%
Honiara
33%
Bairki
17%
Vaiaku
17%
Nie znaleziono quizów pasujących do podanych kryteriów
Rozkład punktacji
Procent ludzi z każdym wynikiem
Percentyl według liczby udzielonych odpowiedzi
Twoja historia wyników
Nie rozwiązałeś tego quizu